The Hypersonic revolution : eight case studies in the history of hypersonic technology : a Special Staff Office study /

Bibliographic Details
Corporate Author: United States. Air Force. Systems Command. Aeronautical Systems Division. Special Staff Office
Other Authors: Hallion, Richard, 1948-
Format: Book
Language:English
Published: Wright-Patterson Air Force Base, Ohio : Special Staff Office, Aeronautical Systems Division, Wright-Patterson Air Force Base, 1987.
Subjects:

MARC

Tag First Indicator Second Indicator Subfields
LEADER 00000cam a2200000 a 4500
001 in00001406844
005 20181006063320.0
008 880518s1987 ohua b f000 0 eng
010 |a  87602336  
035 |a (OCoLC)18588524 
035 |9 AHQ3807AM 
040 |a DLC  |c DLC  |d TXA  |d UtOrBLW 
049 |a TXAM 
050 0 0 |a TL670.3  |b .H96 1987 
082 0 0 |a 629.132/306  |2 19 
245 0 4 |a The Hypersonic revolution :  |b eight case studies in the history of hypersonic technology : a Special Staff Office study /  |c edited by Richard P. Hallion ; with contributions by John Becker [and others]. 
264 1 |a Wright-Patterson Air Force Base, Ohio :  |b Special Staff Office, Aeronautical Systems Division, Wright-Patterson Air Force Base,  |c 1987. 
300 |a 2 volumes (lxxxii, 1389 pages) :  |b illustrations ;  |c 28 cm. 
336 |a text  |b txt  |2 rdacontent 
337 |a unmediated  |b n  |2 rdamedia 
338 |a volume  |b nc  |2 rdacarrier 
500 |a Paged continously. 
505 0 |a v. 1. From Max Valier to Project PRIME, 1924-1967 -- v. 2. From Scramjet to the national aero-space plane, 1964-1986. 
504 |a Bibliography: volume 2, pages 1384-1388. 
650 0 |a Hypersonic planes  |x History. 
700 1 |a Hallion, Richard,  |d 1948- 
710 1 |a United States.  |b Air Force.  |b Systems Command.  |b Aeronautical Systems Division.  |b Special Staff Office. 
948 |a c:MH 
999 |a MARS 
999 f f |s adaf651e-d9af-3029-acd4-0e4a022fede6  |i 75ec17b9-6e55-39aa-b7e4-1d64c1aac065  |t 0 
952 f f |p noncirc  |a Texas A&M University  |b College Station  |c Cushing Memorial Library & Archives  |d Cushing: Ragan Military (Does not check out)  |t 0  |e TL670.3 .H96 1987  |h Library of Congress classification  |i unmediated -- volume 
998 f f |a TL670.3 .H96 1987  |s v.1-v.2  |t 0  |l Cushing: Ragan Military (Does not check out)